Az ítélőtábla szeptemberre visszakapja Dugonics-téri épületét a jogügyi bizottság megállapítása szerint az államnak gondoskodnia kell az egyetem számára megfelelő épületről
Elmentve itt :
| Dokumentumtípus: | Cikk |
|---|---|
| Megjelent: |
1941-05-16
|
| Sorozat: | Délmagyarország
17 No. 111 |
| Kulcsszavak: | Egyetem központi épülete Dugonics tér |
| Online Access: | http://dmarchiv.bibl.u-szeged.hu/50877 |
| LEADER | 00593nab a2200145 i 4500 | ||
|---|---|---|---|
| 001 | delm50877 | ||
| 005 | 20180927134818.0 | ||
| 008 | 180927s1941 hu o 0|| hun d | ||
| 040 | |a SZTE Délmagyarország Archívum |b hun | ||
| 041 | |a hun | ||
| 245 | 0 | 3 | |a Az ítélőtábla szeptemberre visszakapja Dugonics-téri épületét |h [elektronikus dokumentum] : |b a jogügyi bizottság megállapítása szerint az államnak gondoskodnia kell az egyetem számára megfelelő épületről |
| 260 | |c 1941-05-16 | ||
| 300 | |a 3 | ||
| 490 | 0 | |a Délmagyarország |v 17 No. 111 | |
| 695 | |a Egyetem központi épülete Dugonics tér | ||